000 00590nam a2200229Ia 4500
003 OSt
005 20220924151905.0
006 a|||||r|||| 00| 0
007 ta
008 220923b |||||||| |||| 00| 0 mar d
024 _a339498
037 _cTextual
040 _aARTS
_cARTS
_bmar
041 _2mar
_amar
082 _aO155vM9, F4
100 _aDandvate G.R. Au.
_9225194
245 0 _aAvarcheen Marathi Bangmay
260 _c1924
650 _aMARATHI LITERATURE
_938000
942 _hO155vM9, F4
_cTEXL
_2CC
999 _c467963
_d467963